| 000 | 00727nam a2200229Ia 4500 | ||
|---|---|---|---|
| 003 | OSt | ||
| 005 | 20260122092653.0 | ||
| 008 | 210716s1993 xx 000 0 und d | ||
| 020 | _a8120308166 | ||
| 040 | _cAIMIT LIBRARY | ||
| 041 | _aeng | ||
| 082 |
_a006.620288 _21 _bBRER |
||
| 100 |
_aBrenner, Robert C. _9252144 |
||
| 245 |
_aIBM PC advanced troubleshooting and repair / _cBy Robert C Brenner. |
||
| 250 | _a1st ed. | ||
| 260 |
_aNew Delhi : _bPrentice Hall of India PVt Ltd , _c1993. |
||
| 300 |
_axiii,289p. ; _bPB _c24 cm |
||
| 650 |
_aDetailed system operations _9252145 |
||
| 650 |
_aTroubleshooting techniques _9252146 |
||
| 650 |
_aPreliminary service checks _9252147 |
||
| 942 |
_2ddc _cBK _e1st _k006.620288 BRER |
||
| 999 |
_c182842 _d182842 |
||